000 00434nam a2200169Ia 4500
001 20077
003 IN-NITTTR
005 20251114233230.0
008 251113s9999||||xx |||||||||||||| ||eng||
040 _beng
040 _cIN-NITTTR
041 _aeng
082 _a378.1553 R311
100 _aWoolfolk, Anita E.
245 0 _aResearch perspectives on the graduate preparation of teachers. /
_cWoolfolk, Anita E.
942 _2ddc
_cBK
999 _c22711
_d22711